• 首页
  • 本馆介绍
  • 公告通知
  • 最新文献
  • 馆藏检索
  • 电子资源
  • 读者导购
  • 参考咨询
  • 我的图书馆
  • 登录
  • 详细信息显示
  • 放入我的书架
  • 预约/预借图书
  • 作者相关作品
  • 分类相关作品
  • 丛书相关作品
  • 出版社相关作品

书目信息

  • 表格格式
  • 工作单格式
  • 卡片格式
题名:
中国民间歌曲选
    
 
作者: 储声虹 卷主编
分册: 下册  
出版信息: 北京   人民音乐出版社  1998
页数: 179-392页
开本: 26cm
丛书名: 声乐艺术教育丛书
单 册:
中图分类: J642.2
科图分类:
主题词: 民歌--中国--选集 , 民歌
电子资源:
ISBN: 7-103-01424-8
000 00964oam2 2200265 450
001 010060007757
005 20070807084435.12
010    @a7-103-01424-8@dCNY43.50(上下册)
100    @a20040601e20031998em y0chiy0120 ea
101 0  @achi
102    @aCN@b110000
105    @ag z 001yy
200 1  @a中国民间歌曲选@9zhong guo min jian ge qu xuan@h下册@f储声虹卷主编
210    @a北京@c人民音乐出版社@d1998@h2003
215    @a179-392页@d26cm
225 2  @a声乐艺术教育丛书@i声乐教学曲库@i中国作品@v第1卷
320    @a有索引
330    @a本书通过丰富多彩、风格各异的民歌教学,为训练和培育民族声乐人才奠定了基础,所入选的作品既重视了中国不同民族歌曲的选材,更注意了在总体上贯彻不同专业教学大纲的要求。
462  0 @12001 @a声乐教学曲库@i中国作品@v第1卷@1701 0@a储声虹@4主编
606 0  @a民歌@y中国@j选集
606 0  @a民歌
690    @aJ642.2@v4
701  0 @a储声虹@9chu sheng hong@4卷主编
801  0 @aCN@bRENTIAN@c20070807
905    @a10447@dJ642.2@e228:2
    
    中国民间歌曲选.下册/储声虹卷主编.-北京:人民音乐出版社,1998(2003)
    179-392页;26cm.-(声乐艺术教育丛书.声乐教学曲库.中国作品;第1卷)
    
    
    ISBN 7-103-01424-8:CNY43.50(上下册)
    本书通过丰富多彩、风格各异的民歌教学,为训练和培育民族声乐人才奠定了基础,所入选的作品既重视了中国不同民族歌曲的选材,更注意了在总体上贯彻不同专业教学大纲的要求。
●
相关链接 在E读中查询图书 在五车中查询图书 在当当中查询图书 在豆瓣中查询图书


正题名:中国民间歌曲选     索取号:J642.2/228:2         预约/预借

序号 登录号 条形码 馆藏地/架位号 状态 备注
1 0802912   208029122   第一样本阅览室/ [索取号:J642.2/228:2] 在馆    
2 0802913   208029131   第一借阅区/ [索取号:J642.2/228:2] 在馆    
3 0802914   208029140   第一借阅区/ [索取号:J642.2/228:2] 在馆    
4 0802915   208029159   第一借阅区/ [索取号:J642.2/228:2] 在馆    
5 0802916   208029168   音乐系资料室/ [索取号:J642.2/228:2] 在馆    
唐山师范学院图书馆 欢迎您!
大连网信软件有限公司© 版权所有